000 00433nam a2200169Ia 4500
008 221030s9999 xx 000 0 und d
020 _a8121917875
041 _aEnglish
082 _a105.23
100 _aSatya Prakash
245 0 _aAdvanced Inorganic Chemistry Vol. II
_cby Satya Prakash, G. D. Tuli
260 _bS. Chand & Co.
_aNew Delhi
_c2009
300 _a656
650 _aChemistry
700 _aG. D. Tuli
942 _cBK
999 _c8835
_d8835